Malaysia, Southeast Asia and the emerging China: political, economic and cultural perspectives
Kaydedildi:
| Yazar: | |
|---|---|
| Materyal Türü: | Kitap |
| Dil: | İngilizce |
| Baskı/Yayın Bilgisi: |
Kuala Lumpur
Institute of China Studies, University of Malasya
2005
|
| Konular: | |
| Etiketler: |
Etiketle
Etiket eklenmemiş, İlk siz ekleyin!
|
MARC
| LEADER | 00000cam a2200000 a 4500 | ||
|---|---|---|---|
| 001 | UCG2649 | ||
| 003 | CL-VaPUC | ||
| 008 | 100715e20050000my |||||||||||||||||eng|d | ||
| 020 | |a 9833602908 | ||
| 082 | 0 | 4 | |a 327.510595 |b YEO |2 21 |
| 100 | 0 | |a Yeoh Kok-Kheng, Emile |e author |9 551163 | |
| 245 | 1 | 0 | |a Malaysia, Southeast Asia and the emerging China: political, economic and cultural perspectives |
| 300 | |a 239 p | ||
| 942 | |c BK | ||
| 945 | |d 20100715 00:00:00 |a mfarfan | ||
| 260 | |a Kuala Lumpur |b Institute of China Studies, University of Malasya |c 2005 | ||
| 650 | 0 | |a Relaciones Internacionales |9 255740 | |
| 650 | 0 | |a Política |9 255312 | |
| 650 | 0 | |a Economía |9 255568 | |
| 650 | 0 | |a Cultura |9 269059 | |
| 651 | 0 | |a China |9 257545 | |
| 651 | 0 | |a Asia |9 268338 | |
| 651 | 7 | |a MALASIA |2 CL-VaPUC |9 357944 | |
| 583 | |a last modification |c 20140806 12:11:23 |k Rodrigo Vera | ||
| 999 | |c 341779 |d 341777 | ||
| 952 | |0 0 |1 0 |4 0 |6 327_510595000000000_YEO_2005 |7 0 |8 A |9 437521 |a BIBGIM |b BIBGIM |d 2019-11-22 |i 4692446 |o 327.510595 YEO 2005 |p 4692446 |r 2025-01-15 |w 2019-11-22 |y BK |k ORI | ||
| 952 | |0 0 |1 0 |4 0 |6 327_510595000000000_YEO_2005 |7 0 |8 A |9 437522 |a BIBGIM |b BIBGIM |d 2019-11-22 |i 4692454 |o 327.510595 YEO 2005 |p 4692454 |r 2025-01-15 |w 2019-11-22 |y BK |k ORI | ||